| 000 | 00677cam a2200205 i 4500 | ||
|---|---|---|---|
| 003 | OSt | ||
| 005 | 20250527121924.0 | ||
| 008 | 240826s2015 enk ob 001 0 eng | ||
| 020 | _a9781350177543 | ||
| 040 | _cSDCL | ||
| 084 | _aR1 R3 | ||
| 100 | 1 |
_aConnolly, Tim. _936434 |
|
| 245 | 1 | 0 |
_aDoing philosophy comparatively : _bFoundations, problems, and methods of cross-cultural inquiry |
| 250 | _a2nd ed. | ||
| 260 |
_aLondon : _bBloomsbury, Bloomsbury Academic, an imprint of Bloomsbury Publishing Plc, _c2023. |
||
| 300 | _a ix, 295p. | ||
| 504 | _aIncludes bibliographical references and index. | ||
| 650 | 0 |
_aPhilosophy, Comparative. _9648224 |
|
| 942 |
_2CC _n0 _cTEXL |
||
| 999 |
_c1430020 _d1430020 |
||